Biblioteka Instytutu Północnego w Olsztynie

Widok standardowy Widok MARC

Pozycja Topical Term

Liczba rekordów, w których użyto hasła: 0

001 - Numer kontrolny

  • control field: 35185

003 - Identyfikator numeru kontrolnego

  • control field: NUKAT

005 - Data i czas ostatniej modyfikacji

  • control field: 20251216134610.0

008 - Dane kontrolne kodowane (40 znaków)

  • fixed length control field: 161202n||azznnbabn |a ana |

010 ## - Numer kontrolny Biblioteki Kongresu

  • numer kontrolny LC: p 2017000041

035 ## - Numer systemowy

  • numer systemowy: a35725722

035 ## - Numer systemowy

  • numer systemowy: (PL)a0000003572572

040 ## - Instytucja sporządzająca rekord

  • inst. przygot. dane do rek. khw: WA N
  • język haseł przedmiotowych/tezaurus: DBN
  • inst. wprow. rek. khw: WA N

072 ## - Kod kategorii przedmiotu

  • kod kategorii przedmiotu: 8

150 ## - Hasło - nazwa pospolita

  • nazwa posp. lub nazwa geogr. na pocz.: Edukacja i pedagogika

450 ## - Trop zob. - nazwa pospolita

  • nazwa posp. lub nazwa geogr. na pocz.: Pedagogika i edukacja

550 ## - Trop zob. też - nazwa pospolita

  • nazwa posp. lub nazwa geogr. na pocz.: Kształcenie

550 ## - Trop zob. też - nazwa pospolita

  • nazwa posp. lub nazwa geogr. na pocz.: Oświata

550 ## - Trop zob. też - nazwa pospolita

  • nazwa posp. lub nazwa geogr. na pocz.: Pedagogika

680 ## - Uwaga ogólna przeznaczona do publicznej prezentacj

  • tekst wyjaśniający: deskryptor
  • hasło lub określnik: Edukacja i pedagogika
  • tekst wyjaśniający: stosuje się w funkcji deskryptora ujęciowego
Biblioteka Instytutu Północnego, ul. Partyzantów 87, 10-402 Olsztyn, email: biblioteka(at)ip.olsztyn.pl